[Event "Berkeley CC Reti FNM; 30/90, SD/60"]
[Site "Berkeley"]
[Date "2011.05.13"]
[Round "4.13"]
[White "Landrum, Brett Joh"]
[Black "Shaughnessy, Eliza"]
[Result "1-0"]
[WhiteElo "1617"]
[BlackElo "1609"]
[PlyCount "99"]
[EventDate "2011.??.??"]
[SourceDate "2007.10.22"]

1. e4 e5 2. Nf3 Nc6 3. Bb5 Nd4 4. Nxd4 exd4 5. d3 Nf6 6. Bg5 Be7 7. Nd2 O-O 8.
Nf3 c5 9. O-O d5 10. e5 Nd7 11. Bf4 Nb6 12. c3 dxc3 13. bxc3 f6 14. d4 c4 15.
Ba4 Nxa4 16. Qxa4 Bd7 17. Qc2 fxe5 18. Bxe5 Bg4 19. Ne1 b5 20. a3 a5 21. Qb2
Qb6 22. Nc2 Be2 23. Rfe1 Bd3 24. Ne3 Qc6 25. Ng4 Bh4 26. g3 Be7 27. Bxg7 Rfe8
28. Be5 Be4 29. Qd2 Ra6 30. Bf4 Bf8 31. Ne5 Qe6 32. f3 Bf5 33. Nxc4 Qc8 34.
Rxe8 Qxe8 35. Ne3 Be6 36. Re1 Qh5 37. g4 Qf7 38. Ng2 Bxa3 39. Re5 Bf8 40. Rg5+
Bg7 41. Be5 Kf8 42. Bxg7+ Ke7 43. Nf4 a4 44. Bh6 Qf6 45. Rg7+ Kd6 46. Rxh7 a3
47. Qa2 b4 48. Ne2 bxc3 49. Bf4+ Kc6 50. Rc7+ 1-0

[Event "Shorman Sunday Night Marathon"]
[Site "?"]
[Date "2008.01.27"]
[Round "6"]
[White "Landrum, Brett"]
[Black "Shaughnessy, Stephen"]
[Result "1-0"]
[WhiteElo "1408"]
[BlackElo "1698"]
[PlyCount "60"]
[EventDate "2008.??.??"]
[SourceDate "2007.10.22"]

1. e4 e5 2. Nf3 d5 3. exd5 Bd6 4. Bb5+ c6 5. dxc6 Nxc6 6. Bxc6+ bxc6 7. Qe2 Qe7
8. O-O e4 9. Nd4 Nf6 10. Nxc6 Qc7 11. Nd4 Bxh2+ 12. Kh1 Qf4 13. g3 Qh6 14. f3
Bxg3+ 15. Kg1 Bh3 16. d3 Qg6 17. dxe4 Bxf1 18. Kxf1 O-O 19. Nf5 Rfe8 20. Qg2
Qxf5 21. Qxg3 Nxe4 22. Qg4 Qb5+ 23. Kg1 Qc5+ 24. Kh2 Qxc2+ 25. Nd2 Nxd2 26.
Bxd2 Qxd2+ 27. Kh3 Re6 28. Rg1 Rh6+ 29. Qh4 Rxh4+ 30. Kxh4 Qh2+ 1-0

[Event "Berkeley CC Santasiere FNM; 30/90, SD/3"]
[Site "Berkeley CA"]
[Date "2009.08.14"]
[Round "2.3"]
[White "Landrum, Brett John"]
[Black "Sherwood, Peter"]
[Result "1/2-1/2"]
[WhiteElo "1429"]
[BlackElo "1769"]
[PlyCount "188"]
[EventDate "2009.??.??"]
[SourceDate "2007.10.22"]

1. e4 c5 2. Nc3 d6 3. f4 e6 4. Nf3 Be7 5. Bb5+ Nc6 6. O-O a6 7. Bxc6+ bxc6 8.
d3 Nf6 9. Ne2 d5 10. e5 Nd7 11. Bd2 Rb8 12. b3 O-O 13. Qe1 f6 14. Ba5 Qe8 15.
Ng3 fxe5 16. fxe5 Qg6 17. a4 Bb7 18. Bd2 Rf7 19. Be3 Rbf8 20. Qa5 Bd8 21. Qe1
Qg4 22. h3 Qg6 23. Kh2 a5 24. Qc1 h6 25. Ne2 Rf5 26. Ng3 R5f7 27. Qe1 Ba6 28.
Bd2 c4 29. Bxa5 cxd3 30. cxd3 Qxd3 31. Bxd8 Rxd8 32. Qa5 Ra8 33. Rab1 Qe3 34.
Rfe1 Qb6 35. Qxb6 Nxb6 36. Nd4 Re8 37. Nxc6 Rf4 38. a5 Nd7 39. b4 Bb5 40. Na7
Rb8 41. Nxb5 Rxb5 42. a6 Rbxb4 43. Rxb4 Rxb4 44. Ra1 Nb6 45. a7 Na8 46. Ne2 d4
47. Kg3 d3 48. Nf4 Rd4 49. Kf3 d2 50. Rd1 Kf7 51. g3 Rd7 52. Ke2 Rxa7 53. Rxd2
Nb6 54. Rd6 Nc4 55. Rxe6 Ra5 56. Rc6 Ra2+ 57. Kf1 Nxe5 58. Rc7+ Kf8 59. Ne6+
Kg8 60. Rxg7+ Kh8 61. Re7 Ra8 62. Nf4 Nf3 63. Nh5 Rf8 64. Kg2 Ng5 65. h4 Nh7
66. Re6 Rf7 67. Rxh6 Kg8 68. Rg6+ Kf8 69. g4 Ke7 70. g5 Nf8 71. Rg7 Ng6 72.
Rxf7+ Kxf7 73. Kg3 Ne5 74. Kf4 Ng6+ 75. Kg4 Ne5+ 76. Kg3 Ng6 77. Nf4 Ne5 78. h5
Kg7 79. Kh4 Nf7 80. Ne6+ Kg8 81. g6 Ne5 82. Kg5 Nf3+ 83. Kf6 Nh2 84. h6 Ng4+
85. Kg5 Ne5 86. h7+ Kh8 87. Kh6 Ng4+ 88. Kg5 Ne5 89. Kf6 Ng4+ 90. Kf7 Nf6 91.
Kf8 Nxh7+ 92. Kf7 Ng5+ 93. Kf6 Nxe6 94. Kxe6 Kg7 1/2-1/2

[Event "BCC Josh Friedel Marathon"]
[Site "Berkeley"]
[Date "2008.07.25"]
[Round "3.5"]
[White "Landrum, Brett John"]
[Black "Sherwood, Peter"]
[Result "0-1"]
[WhiteElo "1509"]
[BlackElo "1743"]
[PlyCount "100"]
[EventDate "2008.??.??"]
[SourceDate "2007.10.22"]

1. e4 c5 2. Nc3 d6 3. Nf3 Nc6 4. Bc4 e6 5. d3 Be7 6. O-O Nf6 7. h3 a6 8. a3 O-O
9. Nh2 b5 10. Ba2 e5 11. Nd5 Be6 12. Nxf6+ Bxf6 13. Bxe6 fxe6 14. c3 Qd7 15.
Qg4 Rf7 16. Nf3 Raf8 17. Ng5 Bxg5 18. Bxg5 Ne7 19. Qg3 Ng6 20. h4 Nf4 21. Bxf4
exf4 22. Qg4 Rf6 23. f3 Rg6 24. Qh3 Rg3 25. Qh2 Rf6 26. Kf2 Rh6 27. Rh1 Qe7 28.
h5 Qf6 29. Qh4 g5 30. Qh2 Qf7 31. a4 b4 32. cxb4 cxb4 33. Rac1 Qa7+ 34. Kf1 Qe3
35. Rd1 Qd4 36. Rd2 b3 37. Qg1 Qxa4 38. Ke2 Qc6 39. Qh2 a5 40. Ra1 a4 41. Rdd1
Qe8 42. Rh1 Qb5 43. Qg1 Qe5 44. Rb1 Qa5 45. Kf1 Qd2 46. Qd4 Qxg2+ 47. Ke1 Qxh1+
48. Kd2 Qxb1 49. Kc3 Qc2+ 50. Kb4 Qc5+ {W resigns} 0-1

[Event "Shorman Sunday Night Marathon"]
[Site "?"]
[Date "2008.01.13"]
[Round "4"]
[White "Landrum, Brett"]
[Black "Starr, Albert"]
[Result "1-0"]
[WhiteElo "1408"]
[BlackElo "1557"]
[PlyCount "133"]
[EventDate "2008.??.??"]
[SourceDate "2007.10.22"]

1. e4 e6 2. Nc3 a6 3. a3 b5 4. Nf3 Bb7 5. Be2 b4 6. axb4 Bxb4 7. d3 Ne7 8. Bd2
O-O 9. O-O c5 10. Na2 Bxd2 11. Qxd2 Nbc6 12. Qc3 d6 13. Qb3 Rb8 14. Nc3 Nb4 15.
Na2 Bc6 16. Nxb4 Rxb4 17. Qc3 Qb6 18. b3 Ra8 19. Nd2 d5 20. Bf3 a5 21. Rfe1 a4
22. bxa4 Raxa4 23. Nb3 c4 24. Nd4 Bb7 25. exd5 Nxd5 26. Bxd5 Bxd5 27. Nb3 h6
28. Nd2 cxd3 29. Qxd3 Qd4 30. Qxd4 Rxd4 31. Nb3 Rxa1 32. Rxa1 Rb4 33. Nd2 Rb2
34. Rc1 Kf8 35. Kf1 Ke7 36. Ke1 Bxg2 37. c4 Bc6 38. Ke2 Kd6 39. Kd3 Kc5 40. Kc3
Ra2 41. Rb1 Ra3+ 42. Nb3+ Kd6 43. c5+ Ke5 44. Kb2 Ra8 45. Rd1 Ba4 46. Kc3 Bxb3
47. Kxb3 Rc8 48. Kb4 Rb8+ 49. Ka5 Kf6 50. c6 Ke7 51. c7 Rc8 52. Kb6 g5 53. Kb7
Re8 54. c8=Q Rxc8 55. Kxc8 f5 56. Rd7+ Kf6 57. Rd6 Ke5 58. Kd7 h5 59. Rxe6+ Kf4
60. Rf6 Kg4 61. Ke6 f4 62. Rf5 Kh4 63. Kf6 g4 64. Rxf4 Kh3 65. Kg5 h4 66. Rxg4
Kxh2 67. Rxh4+ 1-0

[Event "Berkeley CC De Firmian FNM; 30/90, SD/30"]
[Site "Berkeley"]
[Date "2012.04.13"]
[Round "3.6"]
[White "Landrum, Brett J"]
[Black "Wang, Michael Lei"]
[Result "0-1"]
[WhiteElo "1533"]
[BlackElo "1805"]
[PlyCount "74"]
[EventDate "2012.??.??"]

1. e4 c6 2. Nf3 d5 3. exd5 cxd5 4. d4 Nf6 5. Nc3 Nc6 6. Bb5 Bg4 7. h3 Bh5 8. g4
Bg6 9. Ne5 Rc8 10. Nxc6 bxc6 11. Ba4 e6 12. O-O Bd6 13. Bg5 O-O 14. Qf3 e5 15.
dxe5 Bxe5 16. Rfe1 Re8 17. Re2 Qd6 18. Rae1 Ne4 19. Bh4 Re6 20. Nxe4 Bxe4 21.
Qa3 c5 22. Bg3 Rh6 23. Kh2 Rxh3+ 24. Kxh3 Qh6+ 25. Bh4 g5 26. Qg3 Bxg3 27. fxg3
gxh4 28. gxh4 Qf6 29. h5 Qxb2 30. c4 Qc3+ 31. Re3 Qxc4 32. Bb3 Qd4 33. h6 Re8
34. Bc2 Bg2+ 35. Kxg2 Rxe3 36. Rb1 Qd2+ 37. Kf1 Rf3+ 0-1

[Event "Joseph Henry Blackburne FNM; 30/90, SD/"]
[Site "Berkeley"]
[Date "2009.03.20"]
[Round "2.9"]
[White "Landrum, Brett John"]
[Black "Yan, Jimmy"]
[Result "1-0"]
[WhiteElo "1436"]
[BlackElo "1315"]
[PlyCount "73"]
[EventDate "2009.??.??"]
[SourceDate "2007.10.22"]

1. e4 c5 2. Nc3 d6 3. f4 g6 4. Bc4 e6 5. Nf3 Nc6 6. Ne2 Bg7 7. O-O Nge7 8. c3
O-O 9. Ng5 Rb8 10. Qa4 Bd7 11. Bb5 e5 12. fxe5 dxe5 13. Qb3 Qe8 14. Bc4 Na5 15.
Bxf7+ Rxf7 16. Qxf7+ Qxf7 17. Nxf7 Bb5 18. d3 Bxd3 19. Nh6+ Bxh6 20. Bxh6 Bxe2
21. Rf2 Bb5 22. h3 Bd3 23. Re1 Nac6 24. Re3 Bxe4 25. Rxe4 g5 26. Rg4 Ng6 27.
Rxg5 Nce7 28. h4 Rd8 29. h5 e4 30. hxg6 Nxg6 31. Rxc5 e3 32. Bxe3 Kg7 33. Rc7+
Kg8 34. Rff7 Ne5 35. Rg7+ Kf8 36. Bc5+ Ke8 37. Rce7+ 1-0

[Event "BCC Adolf Anderssen Friday Night Marath"]
[Site "Berkeley"]
[Date "2009.01.30"]
[Round "4.9"]
[White "Landrum, Brett John"]
[Black "Zhang, Jeffrey"]
[Result "0-1"]
[WhiteElo "1454"]
[BlackElo "1172"]
[PlyCount "100"]
[EventDate "2009.??.??"]
[SourceDate "2007.10.22"]

1. e4 e6 2. Nc3 d5 3. exd5 exd5 4. d4 Nf6 5. Bg5 Be7 6. Nf3 O-O 7. Be2 Nbd7 8.
O-O c6 9. h3 Re8 10. Nh2 Nf8 11. Ng4 Bxg4 12. Bxg4 Nxg4 13. Bxe7 Nxf2 14. Bxd8
Nxd1 15. Nxd1 Raxd8 16. c3 Re2 17. Rb1 Rde8 18. Nf2 Rd2 19. Rfd1 Rxd1+ 20. Rxd1
Ng6 21. Nd3 Re7 22. Kf2 f6 23. g3 Kf7 24. a4 Nf8 25. a5 a6 26. Ra1 Ne6 27. Nb4
Nc7 28. Nc2 Nb5 29. Ne3 Nd6 30. Kf3 Ne4 31. Nf5 Ng5+ 32. Kf2 Re6 33. h4 Ne4+
34. Kf3 Nd2+ 35. Kf2 h5 36. Ra4 g6 37. Ne3 Ne4+ 38. Kf3 Nxg3 39. Rb4 Re7 40. c4
dxc4 41. Nxc4 Nf5 42. Nd2 Nxh4+ 43. Kf2 Nf5 44. Kf3 Nd6 45. Nb3 Nb5 46. Nc5 h4
47. Kg4 g5 48. Rc4 Kg6 49. Rb4 Re3 50. Ne4 f5# 0-1

[Event "BCC Annual Championship"]
[Site "?"]
[Date "2008.10.31"]
[Round "2.1"]
[White "Lara, Jaime"]
[Black "Sauerwald, Thomas"]
[Result "0-1"]
[WhiteElo "1668"]
[BlackElo "2224"]
[PlyCount "116"]
[EventDate "2008.??.??"]
[SourceDate "2007.10.22"]

1. d4 Nf6 2. Nf3 e6 3. Bg5 c5 4. e3 b6 5. Be2 Bb7 6. Nbd2 Be7 7. c3 d6 8. O-O
Nbd7 9. b4 h6 10. Bh4 cxd4 11. cxd4 Rc8 12. Qa4 a6 13. Rfc1 b5 14. Qb3 Nb6 15.
a3 O-O 16. h3 Qd7 17. Bd3 Bd5 18. Qd1 Na4 19. e4 Nb2 20. Qe2 Nxd3 21. Qxd3 Ba8
22. Bg3 Qb7 23. e5 dxe5 24. Bxe5 Ne4 25. Nxe4 Qxe4 26. Qxe4 Bxe4 27. Nd2 Bd5
28. f3 Rfd8 29. Kf2 f6 30. Bf4 Kf7 31. Ke2 g5 32. Be3 f5 33. Kd1 Bd6 34. Rxc8
Rxc8 35. Rc1 Ra8 36. Nb1 Bc4 37. Nd2 Bd5 38. Nb1 Kf6 39. Bd2 h5 40. Ke1 Rh8 41.
Kf2 Bb8 42. Kg1 Ba7 43. Be3 Bb6 44. Bf2 Rd8 45. Nd2 Kg6 46. Kf1 Ra8 47. Rb1 Rc8
48. Rb2 Rc3 49. Nb1 Rc1+ 50. Ke2 Bc4+ 51. Kd2 Rf1 52. Kc3 e5 53. Rd2 Rxf2 54.
dxe5 Rxd2 55. Nxd2 Bd5 56. Nb3 Bxb3 57. Kxb3 Bd4 58. a4 Bxe5 0-1

[Event "Berkeley CC Ch2011 FNM; 30/90, SD/30"]
[Site "Berkeley"]
[Date "2011.12.09"]
[Round "6.10"]
[White "Larsen, Joseph"]
[Black "Jenkins, Gerl L"]
[Result "1-0"]
[WhiteElo "1620"]
[BlackElo "1625"]
[PlyCount "81"]
[EventDate "2011.??.??"]
[SourceDate "2007.10.22"]

1. b4 e5 2. b5 Bc5 3. e3 Nf6 4. Bb2 d6 5. Nf3 a6 6. a4 Bd7 7. Be2 O-O 8. O-O
Qe8 9. Nc3 Bb4 10. Qb1 c5 11. Ng5 h6 12. Nge4 Nxe4 13. Nxe4 Qe7 14. c3 Ba5 15.
Ng3 f5 16. f4 e4 17. Qc2 Bb6 18. bxa6 Nxa6 19. Qb3+ Be6 20. Qxb6 c4 21. Ba3
Rad8 22. Qd4 Qf6 23. Bxc4 Bxc4 24. Qxc4+ Qf7 25. Qxf7+ Rxf7 26. Rfd1 Nc5 27.
Bxc5 dxc5 28. Kf2 g6 29. Ke2 b6 30. Rdb1 Rfd7 31. Nf1 Rd6 32. a5 bxa5 33. Rxa5
Rc6 34. Rb7 h5 35. Raa7 c4 36. Rg7+ Kh8 37. Rh7+ Kg8 38. Rh6 Rdc8 39. Rah7 Kf8
40. h3 Rd8 41. Rh8+ 1-0

[Event "Berkeley CC Ch2011 FNM; 30/90, SD/30"]
[Site "Berkeley"]
[Date "2011.12.16"]
[Round "7"]
[White "Larsen, Joseph"]
[Black "Motschenbacher, Von"]
[Result "0-1"]
[WhiteElo "1620"]
[BlackElo "1687"]
[PlyCount "94"]
[EventDate "2011.??.??"]
[SourceDate "2007.10.22"]

1. b4 e6 2. Bb2 Nf6 3. b5 c5 4. e3 d5 5. f4 Nbd7 6. Nf3 Be7 7. Be2 O-O 8. O-O
c4 9. Nc3 Nc5 10. a4 Bd7 11. Ne5 Rc8 12. Kh1 Nce4 13. Nxe4 Nxe4 14. d3 cxd3 15.
Bxd3 f5 16. c4 Be8 17. Bxe4 dxe4 18. Qb3 Bc5 19. Rad1 Qb6 20. Nd7 Bxd7 21. Rxd7
Rc7 22. Rfd1 Rxd7 23. Rxd7 Rf7 24. Rxf7 Kxf7 25. Qc3 Bf8 26. g3 Qd6 27. Qd4
Qxd4 28. Bxd4 b6 29. a5 bxa5 30. Bxa7 a4 31. Bd4 Ke8 32. Kg1 a3 33. Kf1 a2 34.
c5 Bxc5 35. Bxg7 Bxe3 36. Ke2 Bc5 37. Kd1 Kd7 38. Kc2 h5 39. Bc3 Bg1 40. h3 Bf2
41. Kb2 Bxg3 42. Bd2 Bf2 43. Kxa2 e3 44. Ba5 e2 45. Kb3 e1=Q 46. Bxe1 Bxe1 47.
Kc4 Bd2 0-1

[Event "BCC Grand ReOpening 2007"]
[Site "?"]
[Date "2007.10.07"]
[Round "5"]
[White "Lee, David"]
[Black "Lesquillier, Walter"]
[Result "*"]
[WhiteElo "1279"]
[BlackElo "1730"]
[PlyCount "52"]
[EventDate "2007.??.??"]
[SourceDate "2007.10.22"]

1. e4 e5 2. d4 exd4 3. Nf3 Nc6 4. c3 dxc3 5. Nxc3 Bb4 6. Bc4 Qf6 7. O-O Bxc3 8.
bxc3 Ne5 9. Nxe5 Qxe5 10. Bb2 Nf6 11. Bb3 O-O 12. Re1 d6 13. f3 Be6 14. Qc2
Bxb3 15. axb3 Nd7 16. Rad1 Rae8 17. c4 Qe7 18. f4 h6 19. Rd3 f5 20. Bxg7 Kxg7
21. Rg3+ Kh8 22. Qc3+ Qf6 23. e5 dxe5 24. fxe5 Rxe5 25. Rxe5 Qxe5 26. Qd2 Nf6 *

[Event "Berkeley CC Reti FNM; 30/90, SD/60"]
[Site "Berkeley CA"]
[Date "2011.05.06"]
[Round "3.1"]
[White "Lenea, Digne De"]
[Black "Rumph, Todd F"]
[Result "0-1"]
[WhiteElo "1851"]
[BlackElo "2152"]
[PlyCount "48"]
[EventDate "2011.??.??"]
[SourceDate "2007.10.22"]

1. d4 d5 2. c4 dxc4 3. Nc3 e5 4. d5 a6 5. a4 Nf6 6. e4 Bb4 7. Qc2 c6 8. Bxc4
cxd5 9. exd5 Nxd5 10. Bd2 Nxc3 11. bxc3 Bc5 12. Nf3 Nc6 13. O-O O-O 14. Rfd1
Bg4 15. Be3 Qe7 16. Ng5 e4 17. Rd5 Bxe3 18. fxe3 Rae8 19. Rf1 h6 20. Nxf7 Rxf7
21. Rxf7 Qxf7 22. Re5 Be6 23. Bxe6 Rxe6 24. Rxe4 Qg6 0-1

[Event "Berkeley CC Reti FNM; 30/90, SD/60"]
[Site "Berkeley"]
[Date "2011.04.22"]
[Round "1.10"]
[White "Lenea, Digne De"]
[Black "Wang, Michael J"]
[Result "1-0"]
[WhiteElo "1851"]
[BlackElo "1418"]
[PlyCount "71"]
[EventDate "2011.??.??"]
[SourceDate "2007.10.22"]

1. d4 d5 2. c4 c6 3. Nc3 Nf6 4. Nf3 Bf5 5. Bf4 Nbd7 6. e3 Qb6 7. Qd2 e6 8. a3
Ne4 9. Nxe4 Bxe4 10. cxd5 Bxf3 11. gxf3 exd5 12. Bh3 Nf6 13. O-O Be7 14. Kh1
Nh5 15. Be5 f6 16. Bg3 Nxg3+ 17. hxg3 Qc7 18. Kg2 h5 19. Rh1 h4 20. Bf5 g5 21.
Qd3 Bd6 22. e4 Kf7 23. exd5 cxd5 24. Rae1 hxg3 25. Rh7+ Rxh7 26. Bxh7 Kf8 27.
Qf5 Qf7 28. Bg6 gxf2 29. Kxf2 Qg7 30. Re6 Be7 31. Kg2 Rd8 32. Bh5 Qh6 33. Bg4
Kf7 34. Re1 Rd6 35. Rh1 Qxh1+ 36. Kxh1 1-0

[Event "BCC Bobby Fischer Memorial Marathon"]
[Site "?"]
[Date "2008.02.10"]
[Round "1"]
[White "Leotaud, Glenn"]
[Black "Duran, Robert"]
[Result "1-0"]
[WhiteElo "1888"]
[BlackElo "1680"]
[PlyCount "69"]
[EventDate "2008.02.10"]
[SourceDate "2007.10.22"]

1. e4 c5 2. Nc3 Nc6 3. f4 e6 4. Nf3 a6 5. d3 d6 6. Be3 Be7 7. Qd2 Qc7 8. g4 h6
9. O-O-O Nf6 10. g5 Nd7 11. h4 b5 12. Bh3 Nb6 13. f5 Bd7 14. fxe6 fxe6 15. gxh6
gxh6 16. Bxh6 O-O-O 17. Bg5 Rdf8 18. Bxe7 Rxf3 19. Bg5 b4 20. Ne2 e5 21. Bxd7+
Qxd7 22. Rdf1 Rhf8 23. Rxf3 Rxf3 24. h5 Qf7 25. Qe1 Qxa2 26. h6 b3 27. h7 Rxd3
28. h8=Q+ Kc7 29. Rh7+ Nd7 30. cxd3 Qa1+ 31. Kd2 Qxb2+ 32. Ke3 Qa3 33. Rxd7+
Kxd7 34. Qg7+ Ke8 35. Qh1 1-0

[Event "Shorman Sunday Night Marathon"]
[Site "?"]
[Date "2007.12.09"]
[Round "1"]
[White "Leotaud, Glenn"]
[Black "Gonda, Thomas"]
[Result "1-0"]
[WhiteElo "1865"]
[BlackElo "1390"]
[PlyCount "75"]
[EventDate "2007.12.09"]
[SourceDate "2007.10.22"]

1. Nf3 c5 2. g3 d5 3. Bg2 Nf6 4. O-O Nc6 5. d3 Bg4 6. Nbd2 e5 7. h3 Bh5 8. g4
Bg6 9. Nh4 Bd6 10. Nxg6 hxg6 11. e4 d4 12. Nc4 b5 13. Nxd6+ Qxd6 14. f4 O-O-O
15. Qf3 Nd7 16. f5 Ne7 17. fxg6 Qxg6 18. Qxf7 Qd6 19. Bg5 Rde8 20. Qxg7 Rhg8
21. Bxe7 Qxe7 22. Qxe7 Rxe7 23. Rf5 Nf8 24. Raf1 Ng6 25. Rg5 Re6 26. Rf7 a6 27.
h4 Rh8 28. h5 Nf4 29. Rgg7 Rc6 30. Bf3 c4 31. g5 cxd3 32. Bg4+ Kd8 33. Ra7 Ne2+
34. Kh2 Rc8 35. Bxc8 dxc2 36. Bh3 c1=Q 37. Ra8+ Qc8 38. Rxc8# 1-0

[Event "Shorman Sunday Night Marathon"]
[Site "?"]
[Date "2008.01.27"]
[Round "6"]
[White "Leotaud, Glenn"]
[Black "Jahedi, Salar"]
[Result "0-1"]
[WhiteElo "2025"]
[BlackElo "1865"]
[Annotator ",Elizabeth"]
[PlyCount "50"]
[EventDate "2008.??.??"]
[SourceDate "2007.10.22"]

1. e4 d5 2. exd5 Qxd5 3. Nc3 Qa5 4. d4 Nf6 5. Bd2 c6 6. Nf3 Bg4 7. Bc4 e6 8.
Nd5 Qd8 9. Ne3 Bxf3 10. Qxf3 Qxd4 11. Bc3 Qe4 12. Qg3 c5 13. O-O-O Nbd7 14.
Bxf6 gxf6 15. Rxd7 (15. Bb5 Rd8 16. Rxd7 Rxd7 17. Rd1) 15... Kxd7 16. Bb5+ Kc8
17. Rd1 Qe5 18. Qf3 Bd6 19. Nc4 (19. Ba6 Rb8 (19... Kd7 20. Qxb7+) 20. Qc6+ Kd8
21. Rxd6+ Ke7 22. Qc7+ Kf8 23. Qxb8+ Kg7 24. Qxb7 (24. Qxh8+ Kxh8 25. Rd8+ Kg7
26. Bxb7) 24... Qxd6 25. Qxa7) 19... Qf4+ 20. Kb1 Qxf3 21. Nxd6+ Kc7 22. gxf3
Rad8 23. Ne8+ Rhxe8 24. Rxd8 Rxd8 25. Kc1 Rd4 0-1

[Event "Shorman Sunday Night Marathon"]
[Site "?"]
[Date "2008.01.06"]
[Round "3"]
[White "Leotaud, Glenn"]
[Black "Shaughnessy, Elizabeth"]
[Result "1-0"]
[WhiteElo "1865"]
[BlackElo "1593"]
[Annotator ",Elizabeth"]
[PlyCount "49"]
[EventDate "2008.??.??"]
[SourceDate "2007.10.22"]

1. Nf3 Nf6 2. g3 Nc6 3. d4 d5 4. Bg2 Bf5 5. c4 e6 6. O-O Be7 7. Nc3 O-O 8. cxd5
exd5 9. Ne5 Nxe5 10. dxe5 Nd7 11. Nxd5 c6 12. Nxe7+ Qxe7 13. e4 Be6 14. Qd6 Qe8
15. f4 Rd8 16. Be3 Nb6 17. Qb4 Bc4 18. Rfd1 Bb5 19. Bc5 a5 20. Qe1 Nc4 21. Rxd8
Qxd8 22. Rd1 Qc8 23. Bxf8 Qxf8 24. Qf2 h6 25. b3 {(black resigned)} 1-0

[Event "Shorman Sunday Night Marathon"]
[Site "?"]
[Date "2008.01.20"]
[Round "5"]
[White "Leotaud, Glenn"]
[Black "Sherwood, Peter"]
[Result "1-0"]
[WhiteElo "1865"]
[BlackElo "1766"]
[PlyCount "85"]
[EventDate "2008.??.??"]
[SourceDate "2007.10.22"]

1. Nf3 Nf6 2. g3 c5 3. c4 Nc6 4. Nc3 e6 5. Bg2 Be7 6. O-O O-O 7. d4 cxd4 8.
Nxd4 d5 9. b3 Nxd4 10. Qxd4 dxc4 11. Qxc4 Qb6 12. Rd1 Qc5 13. Qxc5 Bxc5 14. Ne4
Be7 15. Bg5 h6 16. Nxf6+ Bxf6 17. Bxf6 gxf6 18. Rac1 Rb8 19. Rc7 a6 20. f4 b5
21. b4 e5 22. Bd5 Rb6 23. Bxf7+ Rxf7 24. Rxc8+ Rf8 25. Rdc1 Rxc8 26. Rxc8+ Kf7
27. f5 Rd6 28. Rc7+ Kg8 29. Kf2 Rd2 30. a3 Rd6 31. Kf3 h5 32. h3 Kh8 33. Rc3
Kg7 34. Rd3 Rc6 35. Ke4 Kh6 36. Kd5 Rc2 37. Ke6 Rxe2 38. Kxf6 e4 39. Rd8 Kh7
40. g4 hxg4 41. hxg4 e3 42. g5 Rd2 43. g6+ 1-0

[Event "Berkeley CC Ch2011 FNM; 30/90, SD/30"]
[Site "Berkeley"]
[Date "2011.11.18"]
[Round "3.7"]
[White "Lesquillier, Walter"]
[Black "Chamberlain, Ethan"]
[Result "1/2-1/2"]
[WhiteElo "1702"]
[BlackElo "1925"]
[PlyCount "64"]
[EventDate "2011.??.??"]
[SourceDate "2007.10.22"]

1. e4 c5 2. Nc3 g6 3. Nf3 Bg7 4. g3 Nc6 5. Bg2 e6 6. O-O Nge7 7. d3 O-O 8. Be3
d6 9. Qd2 Rb8 10. Bh6 b5 11. Bxg7 Kxg7 12. d4 cxd4 13. Nxd4 b4 14. Nd1 Qb6 15.
Nxc6 Nxc6 16. Ne3 Ne5 17. Rfd1 Rd8 18. Qd4 f5 19. Qxb6 Rxb6 20. a3 bxa3 21.
Rxa3 Rxb2 22. Rxa7+ Rb7 23. Ra6 Rbd7 24. Rb6 fxe4 25. Bxe4 Kf6 26. f4 Nf7 27.
h4 Kg7 28. Bf3 d5 29. Rxe6 d4 30. Nc4 Rc7 31. Rc6 Rxc6 32. Bxc6 Bg4 1/2-1/2

[Event "Berkeley CC Capablanca FNM; 30/90, SD/3"]
[Site "Berkeley"]
[Date "2011.10.07"]
[Round "4.9"]
[White "Lesquillier, Walter"]
[Black "Chamberlain, Ethan"]
[Result "0-1"]
[WhiteElo "1708"]
[BlackElo "1930"]
[PlyCount "62"]
[EventDate "2011.??.??"]
[SourceDate "2007.10.22"]

1. Nf3 Nf6 2. d4 g6 3. c4 d5 4. Nc3 Bg7 5. Bg5 Ne4 6. Bf4 Nxc3 7. bxc3 c5 8.
Bxb8 Rxb8 9. e3 dxc4 10. Bxc4 b5 11. Qb3 O-O 12. O-O Qc7 13. Be2 Be6 14. Qb2
Bd5 15. Nd2 Rfc8 16. Rfc1 e5 17. Bf3 exd4 18. exd4 Be6 19. Nb3 cxd4 20. cxd4
Qf4 21. Rxc8+ Rxc8 22. Rd1 Rd8 23. Nc5 Bc4 24. Qc2 Rxd4 25. h3 Rxd1+ 26. Qxd1
Bd4 27. Nb3 Bb6 28. a3 Bc7 29. g3 Qd6 30. Qc2 Bb6 31. Kg2 Qxa3 0-1

[Event "Berkeley CC Ch2011 FNM; 30/90, SD/30"]
[Site "Berkeley"]
[Date "2011.12.16"]
[Round "7"]
[White "Lesquillier, Walter"]
[Black "Curto, Wayne"]
[Result "1/2-1/2"]
[WhiteElo "1702"]
[BlackElo "1900"]
[PlyCount "61"]
[EventDate "2011.??.??"]
[SourceDate "2007.10.22"]

1. e4 c6 2. d4 d5 3. Nd2 dxe4 4. Nxe4 Nd7 5. Nf3 Ngf6 6. Ng3 e6 7. Bd3 Bd6 8.
O-O Qc7 9. Re1 h5 10. Nf5 Bf8 11. c4 g6 12. N5h4 Nb6 13. g3 Qe7 14. a4 a5 15.
Bd2 Bg7 16. Qb3 Qd8 17. Qc2 Qe7 18. Qb3 Qd8 19. Qc2 Qe7 20. Bxg6 fxg6 21. Nxg6
Qd8 22. Nxh8 Bxh8 23. Qg6+ Ke7 24. b3 Qg8 25. Qf5 Kd8 26. Qg5 Qg7 27. Bxa5 Ra6
28. Bxb6+ Rxb6 29. Qxg7 Bxg7 30. Rab1 Bf8 31. Ng5 1/2-1/2

[Event "Berkeley CC Reti FNM; 30/90, SD/60"]
[Site "Berkeley CA"]
[Date "2011.05.06"]
[Round "3.9"]
[White "Lesquillier, Walte"]
[Black "Delaney, Will F"]
[Result "0-1"]
[WhiteElo "1729"]
[BlackElo "1853"]
[PlyCount "76"]
[EventDate "2011.??.??"]
[SourceDate "2007.10.22"]

1. e4 e5 2. f4 d6 3. d4 exd4 4. Qxd4 Nc6 5. Qe3 Nf6 6. Bc4 Be6 7. Bxe6 fxe6 8.
Nf3 d5 9. Nbd2 Bb4 10. c3 Ba5 11. e5 Ng4 12. Qd3 Bb6 13. Nd4 Qh4+ 14. g3 Qh6
15. N2f3 Nxd4 16. cxd4 Qh5 17. Bd2 O-O-O 18. Rc1 Qh3 19. Ng5 Qg2 20. Qf3 Qxf3
21. Nxf3 Nh6 22. Ke2 Nf5 23. Kd3 h5 24. Be1 Kd7 25. Bf2 a5 26. a4 Ra8 27. Nd2
Ra6 28. Nb3 c6 29. Nc5+ Bxc5 30. dxc5 Nh6 31. h3 Nf7 32. g4 g5 33. Bg3 b6 34.
f5 bxc5 35. Rxc5 hxg4 36. fxe6+ Kxe6 37. h4 gxh4 38. Bf4 Nxe5+ 0-1

[Event "Berkeley CS Rubinstein FNM; 30/90, SD/3"]
[Site "Berkeley"]
[Date "2011.07.29"]
[Round "1.3"]
[White "Lesquillier, Walter"]
[Black "Krasnov, Steven"]
[Result "0-1"]
[WhiteElo "1696"]
[BlackElo "1983"]
[PlyCount "70"]
[EventDate "2011.??.??"]
[SourceDate "2007.10.22"]

1. Nf3 Nf6 2. d4 e6 3. e3 b6 4. Bd3 Bb7 5. O-O Be7 6. Nbd2 d5 7. c3 c5 8. Bb5+
Bc6 9. Bxc6+ Nxc6 10. Qa4 Qd7 11. Qc2 Rc8 12. Qd3 O-O 13. Rd1 Rfd8 14. h3 Qc7
15. Qe2 h6 16. Kh1 Nh7 17. b3 e5 18. dxe5 Nxe5 19. Bb2 Ng5 20. Nxe5 Qxe5 21.
Nf3 Qe4 22. Nxg5 Bxg5 23. Qd3 f5 24. Kg1 Bf6 25. Rac1 c4 26. Qd2 b5 27. b4 Ra8
28. a4 a6 29. Ra1 Rab8 30. axb5 axb5 31. Ra5 Be5 32. Rda1 f4 33. Re1 f3 34. g3
h5 35. h4 Qg4 0-1

[Event "Berkeley CC Ch2011 FNM; 30/90, SD/30"]
[Site "Berkeley"]
[Date "2011.11.25"]
[Round "4.4"]
[White "Lesquillier, Walter"]
[Black "Krasnov, Steven"]
[Result "0-1"]
[WhiteElo "1702"]
[BlackElo "1974"]
[PlyCount "60"]
[EventDate "2011.??.??"]
[SourceDate "2007.10.22"]

1. d4 Nf6 2. c4 e6 3. g3 d5 4. Bg2 dxc4 5. Qa4+ Nbd7 6. Nf3 a6 7. Qxc4 b5 8.
Qc2 Bb7 9. O-O Rc8 10. Bg5 c5 11. dxc5 Bxc5 12. Qd2 Qb6 13. Nc3 O-O 14. e3 Rfd8
15. Qe2 Bc6 16. Bxf6 gxf6 17. Nd2 Ne5 18. Bxc6 Qxc6 19. Nce4 f5 20. Nxc5 Rxd2
21. Qh5 Qxc5 22. Rac1 Qxc1 23. Rxc1 Rxc1+ 24. Kg2 Rcc2 25. Qg5+ Ng6 26. Qf6
Rxf2+ 27. Kg1 Rg2+ 28. Kf1 Rxh2 29. Qd8+ Kg7 30. Kg1 Rhd2 0-1